000 01640cam a2200253 4500
001 8215
005 20181127185402.0
008 001120s2001 nyua bf 001 0 eng
010 _a 00067065
020 _a0415240824 (hbk.)
020 _a0415240832 (pbk.)
082 0 0 _a070.1/72
_221
100 1 _aKeeble, Richard,
_d1948-
245 1 4 _aThe newspapers handbook /
_cRichard Keeble.
250 _a3rd ed.
260 _aLondon ;
_aNew York :
_bRoutledge,
_cc2001.
300 _a270 p. :
_bill ;
_c24 cm.
504 _aIncludes bibliographical references (p. [254]-260) and index.
505 _aCONTENTS: Behind the Hollywood myths: the journalist's job -- Efficks, ethics of politics? -- Sourcing the news -- The art of interviewing -- Learning the language of news -- News reporting -- Planning for the unforeseen -- More news assignments -- Reporting national and local government -- Covering the courts -- Investigative reporting -- Feature writing -- Some specialist areas -- New technology -- On and off the job? Training and careers Glossary --Bibliography -- Index.
_g
_r
_t
520 _a"A comprehensive guide to the job of a newspaper journalist. The handbook offers advice on a range of different types of newspaper writing, from 'hard news' to features and profiles, looks at how different events, including press conferences, accidents and disasters are covered, and shows why different reporting styles are appropriate to different kinds of newspapers."
650 0 _aJournalism
_vHandbooks, manuals, etc.
650 0 _aNewspaper publishing
_vHandbooks, manuals, etc.
999 _c7086
_d7086